Civil services general studies prelims (Record no. 133386)

MARC details
000 -LEADER
fixed length control field 00533nam a2200193Ia 4500
003 - CONTROL NUMBER IDENTIFIER
control field OSt
005 - DATE AND TIME OF LATEST TRANSACTION
control field 20240729090850.0
008 - FIXED-LENGTH DATA ELEMENTS--GENERAL INFORMATION
fixed length control field 210210b2008 xxu||||| |||| 00| 0 eng d
040 ## - CATALOGING SOURCE
Transcribing agency AL
041 ## - LANGUAGE CODE
Language code of text/sound track or separate title eng
082 ## - DEWEY DECIMAL CLASSIFICATION NUMBER
Classification number 351.3 COMC
100 ## - MAIN ENTRY--PERSONAL NAME
Personal name COMPETITION SUCCESS REVIEW
9 (RLIN) 174275
245 ## - TITLE STATEMENT
Title Civil services general studies prelims
Remainder of title Full solved question papers 2007-1979
260 ## - PUBLICATION, DISTRIBUTION, ETC.
Place of publication, distribution, etc. New Delhi
Name of publisher, distributor, etc. Competition Review Pvt. Ltd.
Date of publication, distribution, etc. 2008
300 ## - PHYSICAL DESCRIPTION
Extent 488
690 ## - LOCAL SUBJECT ADDED ENTRY--TOPICAL TERM (OCLC, RLIN)
Topical term or geographic name as entry element Civil Service
9 (RLIN) 174286
906 ## - LOCAL DATA ELEMENT F, LDF (RLIN)
a SG05046
942 ## - ADDED ENTRY ELEMENTS (KOHA)
Source of classification or shelving scheme Dewey Decimal Classification
Koha item type Special Grants
Holdings
Withdrawn status Lost status Source of classification or shelving scheme Damaged status Not for loan Collection code Home library Current library Date acquired Source of acquisition Cost, normal purchase price Total Checkouts Full call number Barcode Date last seen Price effective from Koha item type
    Dewey Decimal Classification     General St Aloysius Library St Aloysius Library 02/17/2021 West Coast Paper & Stationers Mangalore-1 275.00   351.3 COMC SG05046 02/17/2021 02/17/2021 Special Grants